Historias
Guardado en:
| Autor principal: | |
|---|---|
| Formato: | Libro |
| Lenguaje: | español |
| Publicado: |
Buenos Aires
Espasa Calpe
1946
|
| Edición: | 2a. ed |
| Colección: | Colección Austral, 462
|
| Materias: | |
| Etiquetas: |
Agregar Etiqueta
Sin Etiquetas, Sea el primero en etiquetar este registro!
|
MARC
| LEADER | 00000cam a2200000 a 4500 | ||
|---|---|---|---|
| 001 | UCE6500 | ||
| 003 | CL-VaPUC | ||
| 008 | 150416e19461030ag |||||||||||||||||spa|d | ||
| 082 | 0 | 4 | |a 937 |b TAC |2 21 |
| 100 | |a Tácito, Cornelio |e author |9 438184 | ||
| 245 | 1 | 0 | |a Historias |
| 250 | |a 2a. ed | ||
| 300 | |a 245 p | ||
| 942 | |c BK | ||
| 945 | |d 20150416 10:41:00 |a arojas | ||
| 260 | |a Buenos Aires |b Espasa Calpe |c 1946 | ||
| 650 | 0 | |a Historia de Roma |9 315349 | |
| 650 | 0 | |a Historia antigua |9 267521 | |
| 651 | 0 | |a Roma |9 255106 | |
| 583 | |a last modification |c 20150416 10:41:00 |k Rodrigo Vera | ||
| 490 | 0 | |a Colección Austral, 462 | |
| 999 | |c 358826 |d 358824 | ||
| 952 | |0 0 |1 0 |3 erb |4 0 |6 937_000000000000000_TAC_1946 |7 0 |8 A |9 467729 |a BIBHIS |b BIBHIS |e Villagrán Garnham, Jorge |i 5159229 |o 937 TAC 1946 |p 5159229 |r 2025-01-20 |w 2019-11-23 |y BK |z Catalogado en:20150416 |k HIS | ||